Gdzie jest stolica na mapie państwa? - Statystyki

Ogólne statystyki
  • Ten quiz został rozwiązany 34 razy
  • Średni wynik to 7 z 15
Statystyki odpowiedzi
Zagadnienie Odpowiedź % Poprawnych
Gdzie jest stolica Polski?
94%
Gdzie jest stolica Rosji?
94%
Gdzie jest stolica Austrii?
88%
Gdzie jest stolica Łotwy?
88%
Gdzie jest stolica Kazachstanu?
50%
Gdzie jest stolica Kanady?
50%
Gdzie jest stolica Peru?
31%
Gdzie jest stolica Zimbabwe?
31%
Gdzie jest stolica Wybrzeża Kości Słoniowej?
31%
Gdzie jest stolica Urugwaju?
31%
Gdzie jest stolica Izraela
25%
Gdzie jest stolica Kuby?
25%
Gdzie jest stolica Papui-Nowej Gwinei?
13%
Gdzie jest stolica Bośni i Hercegowiny?
13%
Gdzie jest stolica Gruzji?
0%
Nie znaleziono quizów pasujących do podanych kryteriów
Rozkład punktacji
Procent ludzi z każdym wynikiem
Percentyl według liczby udzielonych odpowiedzi
Twoja historia wyników
Nie rozwiązałeś tego quizu